| 000 | 00740nam a2200217 i 4500 | ||
|---|---|---|---|
| 001 | 107986 | ||
| 003 | ES-MaACL | ||
| 005 | 20250829080510.0 | ||
| 007 | t| | ||
| 008 | 070108s1969 sp |||| | spa d | ||
| 080 | _a86-321.2"18" | ||
| 100 | 1 |
_aAlas, Leopoldo _d1852-1901 _9226375 |
|
| 245 | 1 | 0 |
_aDoña Berta y otros relatos / _cLeopoldo Alas, "Clarín"; prólogo de José María Martínez Cachero. |
| 260 |
_aEstella (Navarra) : _bSalvat, _c1969. |
||
| 300 |
_a188 p. ; _c19 cm. |
||
| 490 | 1 |
_aBiblioteca básica Salvat de Libros RTV ; _v38 |
|
| 700 | 1 |
_aMartínez Cachero, José María. _977905 |
|
| 830 | 0 | 0 |
_aBiblioteca básica Salvat de libros RTV _v38 _9185398 |
| 852 |
_aES-MaACL _jE-2959 |
||
| 999 |
_c107986 _d107986 |
||